| 000 | 00502nam a2200169 i 4500 | ||
|---|---|---|---|
| 001 | 62526 | ||
| 003 | ES-MaACL | ||
| 005 | 20231227182302.0 | ||
| 007 | t| | ||
| 008 | 031121s1943 sp ||||1| spa d | ||
| 100 | 1 |
_aFernández Flórez, Wenceslao, _d1885-1964 _949790 |
|
| 245 | 1 | 3 |
_aEl bosque animado _b: novela / _cpor Wenceslao Fernández Flórez. |
| 260 |
_aZaragoza : _b[s.n., _c1943] |
||
| 300 |
_a315 p. ; _c20 cm. |
||
| 852 |
_aES-MaACL _jF-15720 _bR.19966 |
||
| 999 |
_c62526 _d62526 |
||